Statistics for Top Countries by chocolate consumption

Click here to take the quiz!

General Stats

  • This quiz has been taken 143 times
  • The average score is 15 of 20

Answer Stats

kg per CapitaAnswer% Correct
4.3United States
99%
7.5United Kingdom
97%
7.9Germany
95%
5.2Belgium
92%
4.2France
92%
5.4Sweden
91%
9.0Switzerland
91%
7.8Austria
88%
6.6Norway
88%
5.3Russia
88%
4.2Denmark
85%
5.3Finland
83%
4.9Australia
82%
7.5Ireland
78%
4.7Netherlands
78%
4.5New Zealand
67%
6.0Estonia
53%
4.2Lithuania
49%
5.4Slovakia
47%
5.3Kazakhstan
3%

Score Distribution

Percentile by Number Answered

Percent of People with Each Score

Your Score History

You have not taken this quiz